| 000 | 01182cam a2200337 i 4500 | ||
|---|---|---|---|
| 001 | 20674 | ||
| 003 | CO-MdFUSB | ||
| 005 | 20190202100412.0 | ||
| 008 | 161122t1986 xxu||||f |||| 00| 0 eng d | ||
| 020 | _a0-8006-0471-7 | ||
| 040 |
_aCO-MdFUSB _bspa _cCO-MdFUSB _dCO-MdFUSB _erda |
||
| 041 | _aeng | ||
| 082 |
_224 _a220.66 _bOL44te |
||
| 100 | 1 |
_aMcCarter, Jr., P. Kyle _eautor |
|
| 245 | 1 | 0 |
_aTextual criticism _b: Recovering the text of the Hebrew Bible _c/ P. Kyle McCarter, Jr. |
| 264 | 1 |
_aPhiladelphia, Pennsylvania : _b Fortress Press _c ℗[1986] |
|
| 264 | 4 | _c©1986 | |
| 300 |
_a94 páginas _b: _c; |
||
| 336 |
_2rdacontent _a1 _ba1 |
||
| 337 |
_2rdamedia _a2 _b5 |
||
| 338 |
_2rdacarrier _a2 _b5 |
||
| 490 | 1 | _aGuides to Biblical Scholarship | |
| 501 | _aRútstico | ||
| 505 | 0 | 0 | _aEl arte y la ciencia de la crítica textual - Las causas de la corrupción textual - Los procedimientos básicos de la crítica textual |
| 630 | 7 |
_aBiblia. _pAntiguo Testamento _xCrítica, interpretación, etc. |
|
| 650 | 7 |
_aCrítica textual _2 _9482 |
|
| 653 | _aHigher criticism -- Bible. O.T. | ||
| 830 | _aOld Testament Series | ||
| 942 | _cREF | ||
| 999 |
_c47025 _d47025 |
||